| 000 | 00763nam a22002417a 4500 | ||
|---|---|---|---|
| 999 |
_c6647 _d6647 |
||
| 003 | AR-CdUCM | ||
| 008 | 190318b ||||| |||| 00| 0 spa d | ||
| 020 | _a84-7017-810-5 | ||
| 040 |
_aMUNICIPALIDAD PROVINCIAL DEL CUSCO _cBIBLIOTECA MUNICIPAL DEL CUSCO |
||
| 041 | _hfre | ||
| 082 |
_a030 / _bAR71 / 1987 |
||
| 100 |
_aGalbada, Jacques _918697 |
||
| 245 | _aYo sé todo sobre animales y plantas / | ||
| 260 |
_aBarcelona : _bArgos Vergara, _c1987 |
||
| 300 |
_a152 páginas ; _bilustraciones a color ; _c28 cm. |
||
| 440 |
_aNueva enciclopedia juvenil. _918663 |
||
| 650 |
_aCiencia _92098 |
||
| 650 |
_aCultura general _96239 |
||
| 700 |
_aBeaulieu, René _918698 |
||
| 700 |
_aGispert, Xavier (traductor) _918699 |
||
| 942 |
_2ddc _cLIBROS |
||
| 945 | _azta | ||